000 00741nam a2200229 a 4500
001 48220
003 BD-RjUL
005 20211209054501.0
008 160813m20101992ii ||||| |||| 00| 0 ben d
020 _cTk. 200.00
035 _a(BD-RjUL)48339
040 _aBD-RjUL
_bben
_cBD-RjUL
041 _aben
082 _223
_a891.444
_bSEA 2010
100 1 _aসেন, তাপস
_9146052
245 1 0 _aঅন্তরঙ্গ আলো /
260 _aকলিকাতা :
_bপ্রতিভাস,
_c১৯৯২, [২য় মুদ্রণ ২০১০]
300 _a২২৩ পৃ. ;
_c২১ সেমি.
650 _aবাংলা প্রবন্ধ
_9146053
650 _aBengali essays
_9146054
942 _2ddc
_cBK
999 _c48220
_d48220